000 01243 a2200349 4500
999 _c68854
_d68854
001 68854
003 Mx-PuUPA
005 20220302075614.0
008 200528s2016 mx a br 00| 1 spa d
020 _a9786072422346
020 _a9789687791760 de la colección El barco de vapor
040 _aMx-PuUPA
_bspa
_cMx-PuUPA
_dMx-PuUPA
_erda
041 0 _aspa
100 1 _910739
_aPardo Murray, Edmée,
_d1965-
_eautor
245 1 0 _aEnfermedad se escribe con C /
_cEdmeé pardo ; ilustraciones de David Lara.
250 _aSegunda edición
264 3 1 _aCiudad de México :
_bEdiciones SM,
_c2016
300 _a48 páginas :
_bilustraciones ;
_c19 cm.
336 _2rdacontent
_atexto
_btxt
337 _2rdamedia
_asin medio
_bn
338 _2rdacarrier
_avolumen
_bnc
490 1 _aEl barco de vapor. Naranja ;
_v49 M
650 1 4 _aLiteratura mexicana
650 1 4 _aCancer
_vFicción infantil
650 1 4 _aEnfermedad de Hodgkin
_vFicción infantil
700 1 _aLara, David,
_eilustrador
830 3 _aEl barco de vapor.
_pNaranja ;
_v49 M
942 _2ddc
_cLI
_h808.8035234
_iB2949